¿Qué entender en nuestro país por reforma educativa a fondo? (Record no. 79582)

MARC details
000 -CABECERA
campo de control de longitud fija 00724nab a2200217 ab4500
005 - FECHA Y HORA DE LA ÚLTIMA TRANSACCIÓN
campo de control 20260319125606.0
008 - ELEMENTOS DE LONGITUD FIJA--INFORMACIÓN GENERAL
campo de control de longitud fija 991125n1970 mx mr p 000 spa d
003 - IDENTIFICADOR DEL NÚMERO DE CONTROL
campo de control
035 ## - NÚMERO DE CONTROL DEL SISTEMA
Número de control de sistema UPN01000105646
040 ## - FUENTE DE LA CATALOGACIÓN
Centro catalogador/agencia de origen MX-MxUPN
Lengua de catalogación spa
Centro/agencia transcriptor MX-MxUPN
Normas de descripción aacr
100 1# - ASIENTO PRINCIPAL--NOMBRE PERSONAL
Nombre de persona Avilés Fabila, René,
Fechas asociadas al nombre 1940-2016
9 (RLIN) 28867
245 11 - MENCIÓN DE TÍTULO
Título ¿Qué entender en nuestro país por reforma educativa a fondo?
653 0# - TERMINO DE INDIZACION - NO CONTROLADO
Término no controlado Año interenacional dela educación (1970)
653 0# - TERMINO DE INDIZACION - NO CONTROLADO
Término no controlado Política educativa
653 0# - TERMINO DE INDIZACION - NO CONTROLADO
Término no controlado Reforma educativa
773 ## - ENLACE AL DOCUMENTO FUENTE/ENTRADA DE REGISTRO ANFITRIÓN
Parte(s) relacionada(s) No. 108, (1970), p. 36-39
Título Magisterio: Sindicato Nacional de Trabajadores de la Educación
Número Internacional Normalizado para Publicaciones Seriadas 0186-9663
902 ## - ELEMENTOS DE DATOS B LOCAL, LDB (RLIN)
Creó bLorena Izquierdo/261125
904 ## - ELEMENTOS DE DATOS D LOCAL, LDD (RLIN)
a AC
b 043457
905 ## - TIPO DE MATERIAL
Tipo de material Articulo
942 ## - ELEMENTOS DE PUNTO DE ACCESO ADICIONAL (KOHA)
Tipo de ítem Koha Artículo Impreso
Holdings
Estado de retiro Estado de pérdida Estado dañado No para préstamo Código de colección Localización permanente Ubicación/localización actual Ubicación en estantería Fecha de adquisición Total de préstamos Fecha visto por última vez Precio válido a partir de Tipo de ítem Koha
      Disponible (Préstamo en sala) Revistas Bib. Gregorio Torres Quintero Bib. Gregorio Torres Quintero Hemeroteca Sótano 26/11/2025   26/11/2025 26/11/2025 Artículo Impreso